000 00825pam a2200241 a 4500
999 _c8000
_d8000
020 _a0874347394
050 1 0 _aRG951
_b.M48
100 1 _aMelson, Kathryn A.
245 1 0 _aMaternal infant health care planning /
_cKathryn A. Melson, Marie S. Jaffe.
250 _a2nd ed.
260 _aSpringhouse, Pa. :
_bSpringhouse Corp.,
_cc1995.
300 _aix, 342 p. :
_bill. ;
_c28 cm.
500 _a"Plans of care, interventions and rationales, documentation"--Cover.
500 _aRev. ed. of: Maternal infant health care plans / Marie S. Jaffe, Kathryn A. Melson. c1989.
650 0 _aMaternity nursing.
650 0 _aNeonatal nursing.
650 0 _aNursing care plans.
650 2 _aMaternal-Child Nursing.
650 2 _aPatient Care Planning.
700 1 _aJaffe, Marie S.
700 1 _aJaffe, Marie S.
942 _cBK